Mal / (Record no. 193066)
[ view plain ]
| 000 -LEADER | |
|---|---|
| campo de control de longitud fija | 01348nam a2200385 i 4500 |
| 001 - NÚMERO DE CONTROL | |
| campo de control | 193066 |
| 003 - IDENTIFICADOR DE NÚMERO DE CONTROL | |
| campo de control | SpMaBN |
| 005 - FECHA Y HORA DE LA ÚLTIMA TRANSACCIÓN | |
| campo de control | 20240707063036.0 |
| 007 - CAMPO FIJO DE DESCRIPCIÓN FÍSICA--INFORMACIÓN GENERAL | |
| campo de control de longitud fija | ta |
| 008 - DATOS DE LONGITUD FIJA--INFORMACIÓN GENERAL | |
| campo de control de longitud fija | 230727s2017 sp | |||| 000 f spa |
| 017 ## - NÚMERO DE COPYRIGHT O DE DEPÓSITO LEGAL | |
| Número de copyright o de depósito legal | A 566-2017 |
| Agencia que asigna | Oficina Depósito Legal Alicante |
| 020 ## - NÚMERO INTERNACIONAL ESTÁNDAR DEL LIBRO | |
| Número Internacional Estándar del Libro | 9788480184281 |
| 035 ## - NÚMERO DE CONTROL DEL SISTEMA | |
| Número de control de sistema | (OCoLC)1139017200 |
| 035 ## - NÚMERO DE CONTROL DEL SISTEMA | |
| Número de control de sistema | a6121619 |
| 040 ## - FUENTE DE CATALOGACIÓN | |
| Centro catalogador/agencia de origen | SpMaBN |
| Lengua de catalogación | spa |
| Centro/agencia transcriptor | SpMaBN |
| Normas de descripción | rdc |
| 080 ## - NÚMERO DE LA CLASIFICACIÓN DECIMAL UNIVERSAL | |
| Número de la Clasificación Decimal Universal | 821.134.2-31"19" |
| 100 1# - ENTRADA PRINCIPAL--NOMBRE DE PERSONA | |
| Nombre de persona | Albero, Miguel, |
| Fechas asociadas al nombre | 1967- |
| Número de control del registro de autoridad o número normalizado | XX1679973 |
| Término indicativo de función/relación | Autor |
| 9 (RLIN) | 233896 |
| 245 10 - MENCIÓN DEL TÍTULO | |
| Título | Mal / |
| Mención de responsabilidad, etc. | Miguel Albero |
| 260 ## - PUBLICACIÓN, DISTRIBUCIÓN, ETC. | |
| Lugar de publicación, distribución, etc. | Alicante : |
| Nombre del editor, distribuidor, etc. | Aguaclara [etc.], |
| Fecha de publicación, distribución, etc. | 2017 |
| 300 ## - DESCRIPCIÓN FÍSICA | |
| Extensión | 205 p. ; |
| Dimensiones | 22 cm |
| 336 ## - TIPO DE CONTENIDO | |
| Término de tipo de contenido | Texto (visual) |
| Fuente | isbdcontent |
| 337 ## - TIPO DE MEDIO | |
| Nombre/término del tipo de medio | sin mediación |
| Fuente | isbdmedia |
| 338 ## - TIPO DE SOPORTE | |
| Fuente | rdacarrier |
| Nombre/término del tipo de soporte | volumen |
| 490 1# - MENCIÓN DE SERIE | |
| Mención de serie | Anaquel nuevo narrativa ; |
| Designación de volumen o secuencia | 105 |
| 500 ## - NOTA GENERAL | |
| Nota general | Catalogación provisional. Signatura: N 8557. Depósito J. |
| 586 ## - NOTA DE PREMIOS | |
| Nota de premios | XXI Premio de Novela "Vargas Llosa", 2017 |
| 650 #7 - PUNTO DE ACCESO ADICIONAL DE MATERIA--TÉRMINO DE MATERIA | |
| Término de materia o nombre geográfico como elemento de entrada | Novelas |
| Fuente del encabezamiento o término | embne |
| 9 (RLIN) | 233904 |
| 830 ## - PUNTO DE ACCESO ADICIONAL DE SERIE-TÍTULO UNIFORME | |
| Título uniforme | Anaquel nuevo narrativa ; |
| Designación de volumen o secuencia | 105 |
| 9 (RLIN) | 233897 |
| 852 ## - LOCALIZACIÓN | |
| Ubicación | ES-MaACL |
| itemnumber | 200371 |
| Sublocalización o colección | R.152674 |
| Número de control de estantería | N-8557 |
| Ubicación en estantería | Depósito J |
| Donativo/Legado | Donación: Editorial |
| Nota libre | En proceso |
| 942 ## - ELEMENTOS DE ENTRADA SECUNDARIOS (KOHA) | |
| Suprimir en OPAC | No |
| Tipo de ítem Koha | Libro impreso |
| Estatus retirado | Estado de pérdida | Fuente del sistema de clasificación o colocación | Estado de daño | No para préstamo | Biblioteca de origen | Biblioteca actual | Ubicación en estantería | Fecha de adquisición | Fuente de adquisición | Total de préstamos | Signatura topográfica completa | Código de barras | Visto por última vez | Precio de reemplazo | Tipo de ítem Koha |
|---|---|---|---|---|---|---|---|---|---|---|---|---|---|---|---|
| Clasificación decimal universal | Biblioteca del Ateneo de Madrid | Biblioteca del Ateneo de Madrid | Depósito J | 04/04/2019 | Donación | N-8557 | 101205664 | 27/07/2023 | 27/07/2023 | Libro impreso |
